00617nam a2200205Ia 450000500170000000800410001702000150005808200130007324500650008626000450015130000210019665000110021765000140022865000120024270000200025470000190027494200060029395200970029999900150039620241209005902.0240331s9999 xx 000 0 und d a0195632192 bWOma891 0aWomen Writing in India :b600 B.C to the Present , Volume II aNew DelhibOxford University Pressc1995 aXXVIII, 641 p ., aSocial aPolitical aCulture aTharu, S. eedt aLalita. Keedt cL 001040708LaWERCLbWERCLcSSCd2024-03-31l0o 891.1 WOmp2582r2024-03-31w2024-03-31yL c3372d3372